00971nas a2200229Ia 4500001001100000003000900011008004100020040001300061040001300074041001300087100005100100210002100151222002100172245008800193250001100281260004200292501008600334300001800420362002600438500023800464650003900702R701/F7875IT-RoPAU151124c99999999xx |||||||||||| ||und|| aIT-RoPAU cIT-RoPAU aITALIANO aCaprettini GianpaologCodice Aut. SPICS: 11221 aCARTE SEMIOTICHE aCarte Semiotiche aCARTE SEMIOTICHE, NUOVA SERIE, N.03 (SETTEMBRE 1998)bStile Dei Nostri Maestri (Lo) a1a ed. aSIENAbPROTAGON EDITORI TOSCANIc1998 bPaulus - SPICS - Società€ San Paolo EM (non-commercial uses only)cCopyright2015 a16 p. [57-72] aN.03 (SETTEMBRE 1998) aStile e Biografia. Stile Come Poliglottismo e Come Ricodificazione. Scrittura e Lettura, Paradigma e Sintagma. Definizioni di Stile e Stilistica. Competenza e Interpretazione. Identità€ e Personalità€, Comunicabile e Intraducibile. aSEMIOTICAvPUBBLICAZIONE PERIODICA